| 000 | 01164cam a2200349 i 4500 | ||
|---|---|---|---|
| 999 |
_c200459004 _d77216 |
||
| 003 | TR-AnTOB | ||
| 005 | 20231220155259.0 | ||
| 007 | TA | ||
| 008 | 221017t20212022tu 000 j tur d | ||
| 020 | _a9786258036220 | ||
| 040 |
_aB9K _beng _erda _cB9K _dTR-AnTOB |
||
| 041 | 1 |
_atur _hjpn |
|
| 050 | 1 | _aPL856.U673 | |
| 090 |
_aPL856.U673 _bI24519 2022 |
||
| 100 | 1 |
_aMurakami, Haruki, _d1949- _eauthor _995016 |
|
| 240 | 1 | 0 |
_aIchininshotansü. _lTurkish. |
| 245 | 1 | 0 |
_aBirinci tekil şahıs / _cHaruki Murakami ; çeviren Ali Volkan Erdemir. |
| 250 | _a6. baskı Haziran 2022 | ||
| 264 | 1 |
_aİstanbul : _bDoğan Kitap, _c2022. |
|
| 264 | 4 | _c©2021 | |
| 300 |
_a152 pages ; _c20 cm |
||
| 336 |
_atext _2rdacontent _btxt |
||
| 337 |
_aunmediated _2rdamedia _bn |
||
| 338 |
_avolume _2rdacarrier _bnc |
||
| 490 | 0 |
_aDoğan Kitap. _aDünya Edebiyatı / Öykü |
|
| 500 | _aOriginally published in Tokyo by Bungei Shunju under the title Ichininsho Tansu. | ||
| 500 | _aTranslated from the Japanese. | ||
| 650 | 7 |
_aJapon romanı _2etuturkob _978735 |
|
| 700 | 1 |
_aErdemir, Ali Volkan, _etranslator _9144425 _d1974- |
|
| 942 |
_2lcc _cBK |
||